[Event "Olginka Orbit op"]
[Site "Olginka"]
[Date "2022.08.16"]
[Round "1"]
[White "Najdin, Danil"]
[Black "Stroganova, Karina"]
[Result "1-0"]
[WhiteElo "2270"]
[BlackElo "1665"]
[PlyCount "41"]
[EventDate "2022.08.16"]
[EventType "swiss"]
[EventRounds "9"]
[EventCountry "RUS"]
[SourceTitle "CBM 209 Extra"]
[Source "ChessBase"]
[SourceDate "2022.09.30"]
[SourceVersion "1"]
[SourceVersionDate "2022.09.30"]
[SourceQuality "1"]

1. e4 e5 2. Nf3 Nc6 3. Bc4 Nf6 4. d3 Bc5 5. 0-0 0-0 6. a4 d6 7. Bg5 h6 8. Bh4 Bg4 9. h3 Bh5 10. g4 Bg6 11. Nc3 Qd7 12. Bxf6 gxf6 13. Nh4 Kh7 14. Nd5 Qd8 15. c3 a5 16. Qf3 Kg7 17. Kh2 Nb8 18. Nf5+ Bxf5 19. gxf5 c6 20. Rg1+ Kh7 21. Qg4 1-0

[Event "Cheliabinsk Panchenko Memorial op-B"]
[Site "Cheliabinsk"]
[Date "2021.09.21"]
[Round "10"]
[White "Leonova, Ameliya"]
[Black "Stroganova, Karina"]
[Result "1/2-1/2"]
[WhiteElo "1794"]
[BlackElo "1713"]
[PlyCount "48"]
[EventDate "2021.09.13"]
[EventType "swiss"]
[EventRounds "10"]
[EventCountry "RUS"]
[SourceTitle "CBM 204 Extra"]
[Source "ChessBase"]
[SourceDate "2021.11.30"]
[SourceVersion "1"]
[SourceVersionDate "2021.11.30"]
[SourceQuality "1"]

1. e4 d5 2. exd5 Qxd5 3. Nc3 Qd8 4. d4 Nf6 5. Nf3 g6 6. Bc4 Bg7 7. 0-0 0-0 8. h3 a6 9. a4 b6 10. Bf4 Nc6 11. Re1 e6 12. d5 exd5 13. Nxd5 Nxd5 14. Qxd5 Bb7 15. Qxd8 Raxd8 16. Bxc7 Rc8 17. Bxb6 Nb4 18. Bb3 Nxc2 19. Bxc2 Rxc2 20. Rac1 Rxb2 21. a5 h5 22. Rc7 Bd5 23. Ra7 Bc4 24. Rc7 Bb5 1/2-1/2

[Event "Cheliabinsk Panchenko Memorial op-B"]
[Site "Cheliabinsk"]
[Date "2021.09.18"]
[Round "6"]
[White "Stroganova, Karina"]
[Black "Darmaeva, Nomina"]
[Result "0-1"]
[WhiteElo "1713"]
[BlackElo "1767"]
[PlyCount "74"]
[EventDate "2021.09.13"]
[EventType "swiss"]
[EventRounds "10"]
[EventCountry "RUS"]
[SourceTitle "CBM 204 Extra"]
[Source "ChessBase"]
[SourceDate "2021.11.30"]
[SourceVersion "1"]
[SourceVersionDate "2021.11.30"]
[SourceQuality "1"]

1. d4 d5 2. c4 e6 3. Nf3 c6 4. g3 dxc4 5. Bg2 Nd7 6. 0-0 Ngf6 7. a4 Be7 8. Qc2 0-0 9. Na3 a5 10. Nxc4 Nb6 11. b3 Nbd5 12. e4 Nb4 13. Qe2 b5 14. axb5 cxb5 15. Nce5 Bb7 16. Rd1 Nxe4 17. Bb2 Bd5 18. Rdc1 f6 19. Ng4 Qb6 20. Ne3 Bxb3 21. Nd2 Nxd2 22. Bxa8 Nc4 23. Bg2 Nxb2 24. Qxb2 a4 25. Qe2 f5 26. Bf1 Rb8 27. Nxf5 Bf6 28. Ne3 Bxd4 29. Rab1 Na2 30. Re1 Nc3 31. Qf3 Nxb1 32. Rxb1 Qc5 33. Bh3 a3 34. Rxb3 a2 35. Bxe6+ Kh8 36. Nf5 a1Q+ 37. Kg2 Qa8 0-1

[Event "Cheliabinsk Panchenko Memorial op-B"]
[Site "Cheliabinsk"]
[Date "2021.09.17"]
[Round "5"]
[White "Maslova, Veronika"]
[Black "Stroganova, Karina"]
[Result "1-0"]
[WhiteElo "1413"]
[BlackElo "1713"]
[PlyCount "91"]
[EventDate "2021.09.13"]
[EventType "swiss"]
[EventRounds "10"]
[EventCountry "RUS"]
[SourceTitle "CBM 204 Extra"]
[Source "ChessBase"]
[SourceDate "2021.11.30"]
[SourceVersion "1"]
[SourceVersionDate "2021.11.30"]
[SourceQuality "1"]

1. e4 e5 2. Nf3 Nc6 3. Bc4 Nf6 4. Ng5 Nxe4 5. Bxf7+ Ke7 6. d3 Nf6 7. Bb3 d5 8. 0-0 Bg4 9. f3 Bh5 10. g4 Bg6 11. f4 Kd7 12. f5 Bc5+ 13. Kg2 Be8 14. Ne6 Qe7 15. g5 Nh5 16. Bxd5 Kc8 17. Nc3 Nd4 18. Nxd4 Bxd4 19. Qg4 Kb8 20. Qe4 c6 21. Bb3 Kc7 22. Ne2 Rd8 23. c3 Bc5 24. d4 Bd6 25. dxe5 Bxe5 26. Nd4 Kb8 27. Ne6 Bd6 28. Qf3 Rc8 29. Bd2 h6 30. g6 Qh4 31. Qh3 Qe4+ 32. Rf3 Qe2+ 33. Rf2 Qe4+ 34. Kg1 Nf6 35. Re1 Qg4+ 36. Qxg4 Nxg4 37. Bf4 Bxf4 38. Rxf4 Nf6 39. Nxg7 Bd7 40. Re7 c5 41. Ne6 Bc6 42. g7 Rhg8 43. Rh4 h5 44. Nxc5 Bd5 45. Nd7+ Nxd7 46. Bxd5 1-0

[Event "Cheliabinsk Panchenko Memorial op-B"]
[Site "Cheliabinsk"]
[Date "2021.09.13"]
[Round "1"]
[White "Lysenko, Margarita"]
[Black "Stroganova, Karina"]
[Result "1/2-1/2"]
[WhiteElo "2252"]
[BlackElo "1713"]
[PlyCount "117"]
[EventDate "2021.09.13"]
[EventType "swiss"]
[EventRounds "10"]
[EventCountry "RUS"]
[SourceTitle "CBM 204 Extra"]
[Source "ChessBase"]
[SourceDate "2021.11.30"]
[SourceVersion "1"]
[SourceVersionDate "2021.11.30"]
[SourceQuality "1"]

1. c4 g6 2. d4 f5 3. Nf3 Nf6 4. g3 Bg7 5. Bg2 0-0 6. 0-0 d6 7. Nc3 Nc6 8. d5 Ne5 9. Nxe5 dxe5 10. b3 f4 11. e3 g5 12. exf4 exf4 13. Bb2 Bg4 14. f3 Bf5 15. Ne2 fxg3 16. Nxg3 Bg6 17. Qd2 e6 18. Qxg5 exd5 19. Rad1 c6 20. f4 Ne4 21. Qxd8 Raxd8 22. Bxg7 Kxg7 23. cxd5 cxd5 24. Bxe4 Bxe4 25. Rd4 Rde8 26. Re1 Kg6 27. Nxe4 Rxf4 28. Rxd5 Rfxe4 29. Rd6+ Kf7 30. Rd7+ R4e7 31. Rf1+ Kg6 32. Rd2 Re2 33. Rf2 Rxd2 34. Rxd2 Re7 35. Kf2 Kf6 36. Kf3 Kf5 37. Rd5+ Kf6 38. Ra5 b6 39. Rd5 Kg6 40. a4 Rc7 41. Rd3 Rc6 42. Ke4 Rc2 43. Rg3+ Kf6 44. Rf3+ Kg6 45. Rg3+ Kf6 46. Rh3 Kg6 47. Kd3 Rc6 48. Re3 a5 49. Re5 h6 50. Rb5 Kf6 51. h4 Ke6 52. Kd4 Rd6+ 53. Ke4 Rc6 54. Rh5 Kd7 55. Kd4 Kc7 56. Rf5 Rg6 57. h5 Rd6+ 58. Kc4 Kc6 59. b4 1/2-1/2

[Event "RUS-ch U20 Girls"]
[Site "Loo"]
[Date "2021.04.28"]
[Round "8"]
[White "Stroganova, Karina"]
[Black "Nosacheva, Mariya"]
[Result "0-1"]
[WhiteElo "1731"]
[BlackElo "2199"]
[PlyCount "60"]
[EventDate "2021.04.21"]
[EventType "swiss"]
[EventRounds "9"]
[EventCountry "RUS"]
[SourceTitle "CBM 202 Extra"]
[Source "ChessBase"]
[SourceDate "2021.07.31"]
[SourceVersion "1"]
[SourceVersionDate "2021.07.31"]
[SourceQuality "1"]

1. b3 e5 2. Bb2 Nc6 3. e3 d6 4. c4 f5 5. f4 Nf6 6. Ne2 Nb4 7. d3 Ng4 8. Qd2 Nxe3 9. Na3 Nxf1 10. Rxf1 Nc6 11. 0-0-0 Be7 12. d4 exd4 13. Nxd4 0-0 14. Nab5 Nxd4 15. Nxd4 a5 16. Rf3 Bf6 17. Re1 a4 18. Ne6 Bxe6 19. Rxe6 axb3 20. axb3 Bxb2+ 21. Kxb2 Kh8 22. Qd5 c6 23. Qd2 d5 24. cxd5 cxd5 25. Rd3 Qc8 26. Qe3 Qd8 27. Qd2 Ra5 28. Re5 Qa8 29. Qc3 Ra1 30. Qb4 Rc8 0-1

[Event "RUS-ch U20 Girls"]
[Site "Loo"]
[Date "2021.04.27"]
[Round "7"]
[White "Badmaeva, Baina"]
[Black "Stroganova, Karina"]
[Result "0-1"]
[WhiteElo "1751"]
[BlackElo "1731"]
[PlyCount "80"]
[EventDate "2021.04.21"]
[EventType "swiss"]
[EventRounds "9"]
[EventCountry "RUS"]
[SourceTitle "CBM 202 Extra"]
[Source "ChessBase"]
[SourceDate "2021.07.31"]
[SourceVersion "1"]
[SourceVersionDate "2021.07.31"]
[SourceQuality "1"]

1. e4 g6 2. d4 d6 3. Nc3 Bg7 4. Bc4 e6 5. Be3 a6 6. a4 Nd7 7. Nf3 b6 8. 0-0 Bb7 9. Qd2 Ngf6 10. e5 dxe5 11. Nxe5 Nxe5 12. dxe5 Ng4 13. f4 Qh4 14. h3 Nxe5 15. fxe5 Qxc4 16. Rf4 Qc6 17. Raf1 0-0 18. Ne4 Bxe5 19. Nf6+ Kg7 20. Rh4 Bxf6 21. Bh6+ Kg8 22. Rxf6 Rfd8 23. Qf2 Rd1+ 24. Kh2 Qd6+ 25. Bf4 Qd5 26. Be3 Qe5+ 27. Rhf4 Rf8 28. Bd4 Qd6 29. h4 c5 30. Bc3 Qc7 31. h5 Rd5 32. hxg6 hxg6 33. Kh3 Rg5 34. g3 Qc6 35. Rf3 Rh5+ 36. Kg4 Rf5 37. Rf4 Qh1 38. R4xf5 exf5+ 39. Kf4 Qe4+ 40. Kg5 Qg4+ 0-1

[Event "RUS-ch U20 Girls"]
[Site "Loo"]
[Date "2021.04.21"]
[Round "1"]
[White "Kochukova, Anna"]
[Black "Stroganova, Karina"]
[Result "1-0"]
[WhiteElo "2108"]
[BlackElo "1731"]
[PlyCount "71"]
[EventDate "2021.04.21"]
[EventType "swiss"]
[EventRounds "9"]
[EventCountry "RUS"]
[SourceTitle "CBM 202 Extra"]
[Source "ChessBase"]
[SourceDate "2021.07.31"]
[SourceVersion "1"]
[SourceVersionDate "2021.07.31"]
[SourceQuality "1"]

1. e4 e5 2. Nf3 Nc6 3. Bb5 Nd4 4. Nxd4 exd4 5. 0-0 Bc5 6. d3 c6 7. Bc4 d5 8. exd5 cxd5 9. Re1+ Ne7 10. Bb3 0-0 11. Qf3 Be6 12. Bg5 Qd7 13. h3 h6 14. Bf4 Ng6 15. Nd2 Rac8 16. a4 a5 17. Re2 Rc6 18. Bg3 f5 19. Rxe6 Rxe6 20. Qxd5 Qxd5 21. Bxd5 Rfe8 22. Re1 Kf7 23. Rxe6 Rxe6 24. Bc7 Ne7 25. Bxe6+ Kxe6 26. Nb3 Ba7 27. Bxa5 Nd5 28. Bd2 g5 29. Na5 b5 30. Nc6 Bb6 31. axb5 Kd7 32. Ne5+ Ke6 33. Nc4 Bc7 34. Kf1 f4 35. Ke2 h5 36. Ba5 1-0

[Event "RUS-chT (Women)"]
[Site "Sochi"]
[Date "2020.11.27"]
[Round "8.4"]
[White "Stroganova, Karina"]
[Black "Zavivaeva, Evelina"]
[Result "1-0"]
[WhiteElo "1826"]
[BlackElo "1589"]
[PlyCount "61"]
[EventDate "2020.11.19"]
[EventType "team-swiss"]
[EventRounds "9"]
[EventCountry "RUS"]
[SourceTitle "CBM 199 Extra"]
[Source "ChessBase"]
[SourceDate "2021.01.31"]
[SourceVersion "1"]
[SourceVersionDate "2021.01.31"]
[SourceQuality "1"]
[WhiteTeam "Achimgaz QNAO (W)"]
[BlackTeam "Nizhny Novgorod Region (W)"]
[WhiteTeamCountry "RUS"]
[BlackTeamCountry "RUS"]

1. d4 d5 2. c4 dxc4 3. e4 Nf6 4. e5 Nd5 5. Bxc4 Bf5 6. Nf3 e6 7. 0-0 Be7 8. Nc3 Nb6 9. Bb3 c6 10. Qe2 0-0 11. Rd1 N8d7 12. Ne4 Qc7 13. Bg5 Bxg5 14. Nfxg5 Rad8 15. Nd6 Nc8 16. Nxf5 exf5 17. Qh5 h6 18. Nxf7 Rxf7 19. Qxf7+ Kh8 20. e6 Nd6 21. Qe7 Nc8 22. Qh4 Nf6 23. Rac1 Ne7 24. d5 Nexd5 25. Bxd5 Rxd5 26. Rxd5 Nxd5 27. Re1 Qe7 28. Qxe7 Nxe7 29. Rd1 Ng6 30. Rd7 Kg8 31. Rxb7 1-0

[Event "Satka Autumn op (Women)"]
[Site "Satka"]
[Date "2020.10.21"]
[Round "1"]
[White "Zherebtsova, Alexandra"]
[Black "Stroganova, Karina"]
[Result "1-0"]
[WhiteElo "2225"]
[BlackElo "1825"]
[PlyCount "61"]
[EventDate "2020.10.21"]
[EventType "swiss"]
[EventRounds "9"]
[EventCountry "RUS"]
[SourceTitle "CBM 199 Extra"]
[Source "ChessBase"]
[SourceDate "2021.01.31"]
[SourceVersion "1"]
[SourceVersionDate "2021.01.31"]
[SourceQuality "1"]

1. d4 d5 2. c4 dxc4 3. Nf3 Nf6 4. e3 e6 5. Bxc4 a6 6. 0-0 b5 7. Be2 Nbd7 8. a4 b4 9. Nbd2 c5 10. a5 Bb7 11. Nc4 cxd4 12. Nxd4 Rc8 13. Qa4 Be7 14. Bd2 Nd5 15. Ne5 Bd6 16. Ndf3 f6 17. Nc4 Be7 18. e4 Bc6 19. Qc2 Bb5 20. exd5 exd5 21. Nd4 Kf7 22. Qf5 Bxc4 23. Bxc4 dxc4 24. Qd5+ Kg6 25. Ne6 Qe8 26. Rfe1 Ne5 27. Nf4+ Kh6 28. Qe6 g6 29. Nh5+ g5 30. Nxf6 Qg6 31. Qxe7 1-0

[Event "Cheliabinsk Panchenko Memorial op-B"]
[Site "Cheliabinsk"]
[Date "2020.09.15"]
[Round "9"]
[White "Stroganova, Karina"]
[Black "Makarova, Ekaterina"]
[Result "1-0"]
[WhiteElo "1787"]
[BlackElo "1644"]
[PlyCount "71"]
[EventDate "2020.09.07"]
[EventType "swiss"]
[EventRounds "9"]
[EventCountry "RUS"]
[SourceTitle "CBM 198 Extra"]
[Source "ChessBase"]
[SourceDate "2020.11.30"]
[SourceVersion "1"]
[SourceVersionDate "2020.11.30"]
[SourceQuality "1"]

1. d4 d5 2. Bf4 Nf6 3. e3 e6 4. Bd3 c5 5. c3 Qb6 6. b3 Nc6 7. Nf3 Bd7 8. Nbd2 Be7 9. Ne5 cxd4 10. exd4 Rc8 11. 0-0 Ba3 12. Rb1 Ne7 13. Ndf3 Rxc3 14. Bd2 Rc8 15. b4 Ne4 16. Nxd7 Kxd7 17. Ne5+ Kc7 18. Bxe4 Qxd4 19. Qc2+ Kb8 20. Nd7+ Ka8 21. Qa4 Qxd2 22. Nb6+ Kb8 23. Nxc8 Rxc8 24. Qxa3 dxe4 25. b5 Nf5 26. b6 a6 27. Rfc1 e3 28. Rxc8+ Kxc8 29. Qc5+ Kd7 30. Qc7+ Ke8 31. Qc8+ Ke7 32. Qxb7+ Kf6 33. Qf3 Qxa2 34. Rf1 Qb2 35. fxe3 Ke7 36. Qc6 1-0

[Event "Cheliabinsk Panchenko Memorial op-B"]
[Site "Cheliabinsk"]
[Date "2020.09.13"]
[Round "7"]
[White "Stroganova, Karina"]
[Black "Sargaeva, Darima"]
[Result "1-0"]
[WhiteElo "1787"]
[BlackElo "1582"]
[PlyCount "87"]
[EventDate "2020.09.07"]
[EventType "swiss"]
[EventRounds "9"]
[EventCountry "RUS"]
[SourceTitle "CBM 198 Extra"]
[Source "ChessBase"]
[SourceDate "2020.11.30"]
[SourceVersion "1"]
[SourceVersionDate "2020.11.30"]
[SourceQuality "1"]

1. d4 Nf6 2. Nf3 c5 3. d5 b5 4. e3 Bb7 5. c4 bxc4 6. Bxc4 d6 7. 0-0 Nbd7 8. Nc3 g6 9. e4 Bg7 10. Nh4 0-0 11. f4 Nb6 12. Bb3 c4 13. Bc2 Qc7 14. f5 Rad8 15. Be3 a6 16. Ne2 Nbd7 17. Rc1 Nc5 18. Nc3 a5 19. g4 Ba6 20. g5 Nfd7 21. Bd4 Nd3 22. Bxg7 Kxg7 23. Bxd3 cxd3 24. Rf2 Qb6 25. Qf3 Qd4 26. Qh3 Kg8 27. Nf3 Qg7 28. Ne1 Qd4 29. Nf3 Qg7 30. Rd1 Rfe8 31. Ne1 Nc5 32. f6 exf6 33. gxf6 Qf8 34. Nf3 h5 35. Rg2 Qh6 36. Nd4 Kh7 37. Nc6 Rc8 38. Ne7 Rb8 39. b3 Rb4 40. Rf1 Nxe4 41. Qd7 Qe3+ 42. Kh1 Nxf6 43. Rxf6 Bb5 44. Rxf7+ 1-0

[Event "Cheliabinsk Panchenko Memorial op-B"]
[Site "Cheliabinsk"]
[Date "2020.09.10"]
[Round "4"]
[White "Chigaeva, Anastasia"]
[Black "Stroganova, Karina"]
[Result "1-0"]
[WhiteElo "2175"]
[BlackElo "1787"]
[PlyCount "47"]
[EventDate "2020.09.07"]
[EventType "swiss"]
[EventRounds "9"]
[EventCountry "RUS"]
[SourceTitle "CBM 198 Extra"]
[Source "ChessBase"]
[SourceDate "2020.11.30"]
[SourceVersion "1"]
[SourceVersionDate "2020.11.30"]
[SourceQuality "1"]

1. d4 d5 2. c4 dxc4 3. e3 Nf6 4. Nf3 e6 5. Bxc4 a6 6. 0-0 b5 7. Be2 c5 8. b3 Nbd7 9. a4 b4 10. Nbd2 Bb7 11. Bb2 Be7 12. Nc4 0-0 13. Rc1 Rc8 14. Nfe5 cxd4 15. Bxd4 Nd5 16. Bf3 Nxe5 17. Bxe5 Bf6 18. Qd4 Bxe5 19. Qxe5 Ba8 20. Rfd1 Qe7 21. Bxd5 Rc5 22. Nb6 Rd8 23. Nxa8 Rxa8 24. Bxa8 1-0

[Event "Cheliabinsk Panchenko Memorial op-B"]
[Site "Cheliabinsk"]
[Date "2020.09.08"]
[Round "2"]
[White "Maslova, Veronika"]
[Black "Stroganova, Karina"]
[Result "0-1"]
[WhiteElo "1244"]
[BlackElo "1787"]
[PlyCount "90"]
[EventDate "2020.09.07"]
[EventType "swiss"]
[EventRounds "9"]
[EventCountry "RUS"]
[SourceTitle "CBM 198 Extra"]
[Source "ChessBase"]
[SourceDate "2020.11.30"]
[SourceVersion "1"]
[SourceVersionDate "2020.11.30"]
[SourceQuality "1"]

1. e4 d5 2. exd5 Qxd5 3. Nc3 Qd8 4. d4 Nf6 5. Nf3 g6 6. Be3 Bg7 7. h3 0-0 8. Be2 a6 9. a4 b6 10. 0-0 Bb7 11. Qd2 Nc6 12. Rad1 e6 13. Bh6 Ne7 14. Bxg7 Kxg7 15. Ne5 Ned5 16. Nxd5 exd5 17. f3 Qd6 18. b4 Rae8 19. Rde1 Nh5 20. f4 Ng3 21. Rf3 Ne4 22. Qc1 Qxb4 23. c3 Qe7 24. f5 c5 25. Bxa6 Bxa6 26. Rxe4 f6 27. Nxg6 Qxe4 28. Nxf8 Qe1+ 29. Qxe1 Rxe1+ 30. Kh2 Kxf8 31. dxc5 bxc5 32. g4 d4 33. cxd4 cxd4 34. Rf4 Rd1 35. Kg3 Be2 36. Re4 d3 37. Kf2 Rh1 38. Ke3 Rxh3+ 39. Kd2 Rg3 40. Re6 Kf7 41. Ra6 Rxg4 42. Ra7+ Kg8 43. Ra8+ Kg7 44. Ra7+ Kh6 45. Rb7 Rxa4 0-1

[Event "Satka Autumn op (Women)"]
[Site "Satka"]
[Date "2019.09.23"]
[Round "5"]
[White "Stroganova, Karina"]
[Black "Kulkova, Dina"]
[Result "0-1"]
[WhiteElo "1885"]
[BlackElo "1424"]
[PlyCount "116"]
[EventDate "2019.09.19"]
[EventType "swiss"]
[EventRounds "9"]
[EventCountry "RUS"]
[SourceTitle "EXT 2020"]
[Source "ChessBase"]
[SourceDate "2019.10.17"]
[SourceVersion "1"]
[SourceVersionDate "2019.10.17"]
[SourceQuality "1"]

1. d4 Nf6 2. Nf3 e6 3. Bf4 d5 4. e3 c5 5. c3 Nc6 6. Nbd2 Bd6 7. Bg3 0-0 8. Bd3 b6 9. Ne5 Bb7 10. Ndf3 Rc8 11. h4 Qc7 12. Bf4 Ne4 13. g3 Nxe5 14. dxe5 Be7 15. Ng5 h6 16. Qh5 Qd8 17. Nh3 c4 18. Bc2 Re8 19. f3 g6 20. Qxh6 Bf8 21. Bg5 Qc7 22. fxe4 Bxh6 23. Bxh6 dxe4 24. h5 Qxe5 25. hxg6 Qxg3+ 26. Nf2 fxg6 27. Bf4 Qg2 28. Be5 Rf8 29. Rh8+ Kf7 30. Rh7+ Ke8 31. 0-0-0 Qxf2 32. Bd6 Qxe3+ 33. Kb1 Rf7 34. Rh8+ Kd7 35. Bc5+ Qd3 36. Bxd3 Rxh8 37. Bxe4+ Bd5 38. Bxg6 Rf3 39. Be4 Rfh3 40. Bd4 R8h4 41. Bxd5 exd5 42. Bf2 Rh5 43. Kc1 Rh1 44. Bd4 Rxd1+ 45. Kxd1 Rh2 46. Kc1 Kc6 47. a3 a5 48. Kb1 b5 49. Ka2 Rd2 50. Bf6 Rd1 51. Be7 d4 52. cxd4 Rxd4 53. Bf6 Rd3 54. Bc3 Rxc3 55. bxc3 Kd5 56. Kb2 Ke4 57. Kc1 Kd3 58. Kb2 Kd2 0-1

[Event "Satka Autumn op (Women)"]
[Site "Satka"]
[Date "2019.09.20"]
[Round "2"]
[White "Loskutova, Viktoriya"]
[Black "Stroganova, Karina"]
[Result "1-0"]
[WhiteElo "2162"]
[BlackElo "1885"]
[PlyCount "57"]
[EventDate "2019.09.19"]
[EventType "swiss"]
[EventRounds "9"]
[EventCountry "RUS"]
[SourceTitle "EXT 2020"]
[Source "ChessBase"]
[SourceDate "2019.10.17"]
[SourceVersion "1"]
[SourceVersionDate "2019.10.17"]
[SourceQuality "1"]

1. e4 g6 2. d4 Bg7 3. Nc3 d6 4. Be3 Nf6 5. f3 Nbd7 6. Qd2 a6 7. h4 h5 8. Nh3 b5 9. Ng5 Bb7 10. 0-0-0 Nb6 11. Bd3 Nfd7 12. Ne2 c5 13. c3 Nc4 14. Bxc4 bxc4 15. Kb1 Bc6 16. dxc5 dxc5 17. Nf4 Rb8 18. Bxc5 Ba4 19. Ba3 Bxd1 20. Rxd1 Ne5 21. Qc2 Qc8 22. Nd5 Nc6 23. Qa4 Rb5 24. Qxc4 0-0 25. Qxc6 Qxc6 26. Nxe7+ Kh8 27. Nxc6 Re8 28. Nxf7+ Kh7 29. Nd6 1-0

[Event "EU-ch U18 Girls"]
[Site "Bratislava"]
[Date "2019.08.10"]
[Round "9"]
[White "Stroganova, Karina"]
[Black "Sankova, Stella"]
[Result "0-1"]
[WhiteElo "1942"]
[BlackElo "2048"]
[PlyCount "74"]
[EventDate "2019.08.02"]
[EventType "swiss"]
[EventRounds "9"]
[EventCountry "SVK"]
[SourceTitle "CBM 191 Extra"]
[Source "ChessBase"]
[SourceDate "2019.09.30"]
[SourceVersion "1"]
[SourceVersionDate "2019.09.30"]
[SourceQuality "1"]

1. d4 Nf6 2. Nf3 d5 3. c4 e6 4. g3 Bb4+ 5. Bd2 Be7 6. Bg2 c6 7. 0-0 0-0 8. Qc2 b6 9. Ne5 Ba6 10. b3 Nfd7 11. Nf3 Nf6 12. Rd1 Nbd7 13. Qd3 Ne4 14. Bc1 Rc8 15. Nbd2 f5 16. Ne5 c5 17. Nxd7 Qxd7 18. Nxe4 fxe4 19. Qc2 cxd4 20. Bb2 e5 21. Qd2 Rxf2 22. Rf1 e3 23. Qd1 Rxf1+ 24. Qxf1 Rf8 25. Bxd5+ Kh8 26. Qg2 Rf2 27. Qh1 Rxe2 28. Rb1 Qf5 29. Rf1 Rf2 30. Bf3 Rxf1+ 31. Kxf1 Qb1+ 32. Kg2 Qxb2+ 33. Kh3 Bc8+ 34. g4 Qf2 35. Bd5 Qh4+ 36. Kg2 Qxg4+ 37. Kf1 e2+ 0-1

[Event "EU-ch U18 Girls"]
[Site "Bratislava"]
[Date "2019.08.08"]
[Round "7"]
[White "Stroganova, Karina"]
[Black "Cabanova, Kristina"]
[Result "1-0"]
[WhiteElo "1942"]
[BlackElo "1736"]
[PlyCount "57"]
[EventDate "2019.08.02"]
[EventType "swiss"]
[EventRounds "9"]
[EventCountry "SVK"]
[SourceTitle "CBM 191 Extra"]
[Source "ChessBase"]
[SourceDate "2019.09.30"]
[SourceVersion "1"]
[SourceVersionDate "2019.09.30"]
[SourceQuality "1"]

1. d4 d5 2. Nf3 e6 3. c4 Be7 4. g3 Nf6 5. Bg2 c6 6. 0-0 0-0 7. Nbd2 Nbd7 8. Qc2 Re8 9. e4 dxe4 10. Nxe4 Nxe4 11. Qxe4 Nf6 12. Qc2 c5 13. Rd1 cxd4 14. Nxd4 Qb6 15. a3 a5 16. Nb5 Bd7 17. Be3 Bc5 18. Bxc5 Qxc5 19. Nd6 Bc6 20. Nxe8 Rxe8 21. Bxc6 Qxc6 22. b4 axb4 23. axb4 Rc8 24. c5 Nd5 25. Qc4 g6 26. Rdc1 Nc7 27. Ra5 Na6 28. b5 Qxc5 29. bxa6 1-0

[Event "EU-ch U18 Girls"]
[Site "Bratislava"]
[Date "2019.08.07"]
[Round "6"]
[White "Kouta, Antonia"]
[Black "Stroganova, Karina"]
[Result "1-0"]
[WhiteElo "1785"]
[BlackElo "1942"]
[PlyCount "37"]
[EventDate "2019.08.02"]
[EventType "swiss"]
[EventRounds "9"]
[EventCountry "SVK"]
[SourceTitle "CBM 191 Extra"]
[Source "ChessBase"]
[SourceDate "2019.09.30"]
[SourceVersion "1"]
[SourceVersionDate "2019.09.30"]
[SourceQuality "1"]

1. e4 d5 2. exd5 Qxd5 3. Nf3 Nf6 4. d4 Bg4 5. Be2 Nc6 6. h3 Bh5 7. c4 Qd7 8. g4 Bg6 9. d5 Nb4 10. Ne5 Qd6 11. Bf4 Bc2 12. Qc1 Qb6 13. Nc3 Bg6 14. Nxg6 hxg6 15. Nb5 Na6 16. c5 Qa5+ 17. Bd2 Qa4 18. f3 Nb4 19. b3 1-0

[Event "EU-chT U18 Girls"]
[Site "Pardubice"]
[Date "2019.07.14"]
[Round "4.1"]
[White "Stroganova, Karina"]
[Black "Katkov, Michelle"]
[Result "0-1"]
[WhiteElo "1875"]
[BlackElo "2129"]
[PlyCount "100"]
[EventDate "2019.07.11"]
[EventType "team-swiss"]
[EventRounds "7"]
[EventCountry "CZE"]
[SourceTitle "CBM 191 Extra"]
[Source "ChessBase"]
[SourceDate "2019.09.30"]
[SourceVersion "1"]
[SourceVersionDate "2019.09.30"]
[SourceQuality "1"]
[WhiteTeam "Yamal U18 Girls"]
[BlackTeam "Israel U18 Girls"]
[WhiteTeamCountry "RUS"]
[BlackTeamCountry "ISR"]

1. d4 Nf6 2. Nf3 e6 3. Bf4 c5 4. e3 d5 5. c3 Bd6 6. Bb5+ Nc6 7. Bxc6+ bxc6 8. Bxd6 Qxd6 9. Qa4 0-0 10. Nbd2 Bd7 11. Qa3 Qb8 12. dxc5 Qb5 13. Ne5 Rfb8 14. b3 a5 15. c4 Qb7 16. 0-0 Qc7 17. Qb2 Ne8 18. Rfd1 f6 19. Nxd7 Qxd7 20. cxd5 cxd5 21. e4 dxe4 22. Nxe4 Qc6 23. Qe2 a4 24. Nd6 Nc7 25. Qc4 Nd5 26. Re1 Rb4 27. Qc2 Nf4 28. f3 Ra5 29. Ne4 f5 30. Qd2 Nd5 31. a3 Rbb5 32. b4 fxe4 33. fxe4 Nxb4 34. Qd8+ Kf7 35. Rf1+ Kg6 36. axb4 Ra7 37. Qd4 h6 38. Ra3 Kh7 39. e5 Rb8 40. Qd3+ Kh8 41. Qg6 Qd5 42. Raf3 Raa8 43. Rf7 Qxe5 44. Qc2 a3 45. Qa2 Rxb4 46. Rf8+ Rxf8 47. Rxf8+ Kh7 48. Qc2+ Re4 49. c6 a2 50. Ra8 a1Q+ 0-1

[Event "EU-chT U18 Girls"]
[Site "Pardubice"]
[Date "2019.07.12"]
[Round "2.1"]
[White "Jaufarally, Nadia"]
[Black "Stroganova, Karina"]
[Result "0-1"]
[WhiteElo "1944"]
[BlackElo "1875"]
[PlyCount "122"]
[EventDate "2019.07.11"]
[EventType "team-swiss"]
[EventRounds "7"]
[EventCountry "CZE"]
[SourceTitle "CBM 191 Extra"]
[Source "ChessBase"]
[SourceDate "2019.09.30"]
[SourceVersion "1"]
[SourceVersionDate "2019.09.30"]
[SourceQuality "1"]
[WhiteTeam "England U18 Girls"]
[BlackTeam "Yamal U18 Girls"]
[WhiteTeamCountry "ENG"]
[BlackTeamCountry "RUS"]

1. e4 d5 2. exd5 Qxd5 3. Nc3 Qd8 4. d4 Nf6 5. Nf3 g6 6. Be2 Bg7 7. Bf4 0-0 8. Qd2 c5 9. dxc5 Qxd2+ 10. Nxd2 Bf5 11. 0-0-0 Nbd7 12. Nb3 Rac8 13. c6 bxc6 14. Ba6 Rce8 15. Nd4 Bg4 16. f3 e5 17. Nxc6 exf4 18. fxg4 Re6 19. Bb5 a6 20. Nd4 Rb6 21. Be2 Ne5 22. h3 Rfb8 23. Nb3 Bh6 24. Kb1 a5 25. a4 Rb4 26. Bb5 Ne4 27. Nxe4 Rxe4 28. Rhe1 Re3 29. Nxa5 Bf8 30. Rxe3 fxe3 31. Nc4 Nxc4 32. Bxc4 Bb4 33. Rd7 Bc3 34. b3 Re8 35. Rxf7 Kh8 36. Be2 Bb4 37. Rf3 Bc5 38. Kb2 Rd8 39. Bd3 Rxd3 40. Rf1 Rd2 41. Re1 e2 42. Kc3 Be3 43. a5 Bf4 44. b4 Kg8 45. b5 Rd5 46. Kc4 Re5 47. a6 Re4+ 48. Kb3 Re3+ 49. c3 Bb8 50. Kc4 Ba7 51. Kd5 Re8 52. Kc6 Bf2 53. Rxe2 Rxe2 54. c4 Re4 55. c5 Rc4 56. a7 Rxc5+ 57. Kd7 Rd5+ 58. Kc6 Rd8 59. b6 Kf7 60. Kb7 Kf6 61. Kc7 Rf8 0-1